• 首页
  • 本馆介绍
  • 公告通知
  • 最新文献
  • 馆藏检索
  • 电子资源
  • 读者导购
  • 参考咨询
  • 我的图书馆
  • 登录
  • 详细信息显示
  • 放入我的书架
  • 预约/预借图书
  • 作者相关作品
  • 分类相关作品
  • 丛书相关作品
  • 出版社相关作品

书目信息

  • 表格格式
  • 工作单格式
  • 卡片格式
题名:
混合集成电路数据手册
    
 
作者: ;中国电子学会电子元件分会HIC专业委员会 编写
分册:  
出版信息: 福州   福建科学技术出版社  1999.02
页数: 368页
开本: 16开
丛书名:
单 册:
中图分类: TN45-62
科图分类:
主题词: 混合集成电路
电子资源:
ISBN: 7-5335-1295-2
000 00701nam0 2200193 45
001 0002221487
005 20040102111836.9
010    @a7-5335-1295-2@dCNY29.50
100    @a20000222d1999 km y0chiy0120 ea
101 0  @achi
105    @a z 000yy
200 1  @a混合集成电路数据手册@AHun He Ji Cheng Dian Lu Shu Ju Shou Ce@f中国电子学会电子元件分会HIC专业委员会编写@FZhong Guo Dian Zi Xue Hui Dian Zi Yuan Jian Fen Hui HIC Zhuan Ye Wei Yuan Hui Bian Xie
210    @a福州@c福建科学技术出版社@d1999.02
215    @a368页@d16开
606 0  @a混合集成电路
690    @aTN45-62@v1
711 02 @a中国电子学会电子元件分会HIC专业委员会@4编写
801    @aCN@bTSTC@c20000222
905    @b285080-084@dTN45-62@e83@f5
    
    混合集成电路数据手册/中国电子学会电子元件分会HIC专业委员会编写.-福州:福建科学技术出版社,1999.02
    368页;16开
    
    
    ISBN 7-5335-1295-2:CNY29.50
    
●
相关链接 在E读中查询图书 在五车中查询图书 在当当中查询图书 在豆瓣中查询图书


正题名:混合集成电路数据手册     索取号:TN45-62/83         预约/预借

序号 登录号 条形码 馆藏地/架位号 状态 备注
1 0285080   002850800   第三借阅区/ [索取号:TN45-62/83] 在馆    
2 0285081   002850819   第三借阅区/ [索取号:TN45-62/83] 在馆    
3 0285082   002850828   第三借阅区/ [索取号:TN45-62/83] 在馆    
4 0285083   002850837   第三借阅区/ [索取号:TN45-62/83] 在馆    
5 0285084   002850846   第二样本阅览室/ [索取号:TN45-62/83] 在馆    
唐山师范学院图书馆 欢迎您!
大连网信软件有限公司© 版权所有